00729nam a2200241Ia 4500003000900000008004100009040001300050040001300063041000800076100002000084100000900104245007300113250001100186260001200197260000900209300001100218300001200229490001300241490000800254942000700262999001700269952020100286IT-RoPAU120407s9999 xx 000 0 und d aIT-RoPAU cIT-RoPAU aita aValter Vecellio ccur. aIl pugno o la rosa. I radicali: gauchisti, qualunquisti, socialisti? aVerona aBertani c1979 a545 p. c21,5 cm aEvidenze v141 cBK c35645d35645 00102ddc406329_700000000000000_171aPAULUSbPAULUSd2012-04-11l0o329.7.1r2012-04-11 00:00:00w2012-04-11yBKzInserito da: Jole In data: 27 settembre 2011 fondo: Via A.Severo 56 Progr:14092